|
|
|
|
| LEADER |
00714nam a2200181 i 4500 |
| 001 |
misc76203 |
| 005 |
20260319081735.0 |
| 008 |
260313s1937 hu o 000 hun d |
| 040 |
|
|
|a SZTE Miscellanea Repozitórium
|b hun
|
| 041 |
|
|
|a hun
|
| 100 |
2 |
|
|a Pálfy-Budinszky Endre
|
| 245 |
1 |
0 |
|a Szeged népességi és építési viszonyai
|h [elektronikus dokumentum] :
|b adatok az általános városrendezési terv elkészítéséhez /
|c Pálfy-Budinszky Endre
|
| 260 |
|
|
|c 1937
|
| 300 |
|
|
|a 60
|c 30 cm
|
| 650 |
|
4 |
|a Társadalomtudományok
|
| 650 |
|
4 |
|a Társadalom- és gazdaságföldrajz
|
| 695 |
|
|
|a Városrendezés tervezése, Szeged - építészet
|
| 856 |
4 |
0 |
|u http://misc.bibl.u-szeged.hu/76203/1/XC_51135.pdf
|z Dokumentum-elérés
|